00867nas a2200229Ia 4500001002400000003001000024008004100034040002500075041001300100100002200113210003100135222003100166245017000197250001100367260000900378501012300387300001200510362002600522500005200548650002600600700001100626dp1/2-1857 [d000001950]IT-MiCISF161014c99999999xx |||||||||||| ||und|| aIT-MiCISFcIT-MiCISF aITALIANO aGiovanni Paolo II aRivista diocesana milanese aRivista diocesana milanese 0aTelevisione e famiglia: criteri per sane abitudini nel vederebMessaggio di Giovanni Paolo II in occasione della XXVIII giornata mondiale delle comunicazioni sociali a1a ed. c1994 bCISF - Centro Internazionale Studi Famiglia - Via Giotto, 36 20145 MILANO (non commercial uses only)cCopyright 2016 app. 5-9 a n. 1, gennaio [1994] a Tema: massmedia, famiglia, televisione, chiesa amass mediavdocumento aAA.VV.